Juicio a los brujos de Chiloé

Gardado en:
Detalles Bibliográficos
Main Authors: Marino, Mauricio (autor), Osorio, Cipriano (Author)
Formato: Libro
Idioma:Lingua castelá
Publicado: Santiago Ediciones Tácitas 2014
Edición:1a. ed
Subjects:
Tags: Engadir etiqueta
Sen Etiquetas, Sexa o primeiro en etiquetar este rexistro!

MARC

LEADER 00000cam a2200000 a 4500
001 UCE7578
003 CL-VaPUC
008 150626e20140000cl |||||||||||||||||spa|d
020 |a 9789568268718 
082 0 4 |a 398.4  |b MAR  |2 21 
100 |a Marino, Mauricio  |e autor  |9 580245 
700 0 |a Osorio, Cipriano  |e author  |9 580246 
245 1 0 |a Juicio a los brujos de Chiloé 
250 |a 1a. ed 
300 |a 290 p 
942 |c BK 
945 |d 20150626 15:30:00  |a gsalatino 
260 |a Santiago  |b Ediciones Tácitas  |c 2014 
600 0 7 |a CHILE  |2 CL-VaPUC  |9 544753 
650 0 |a Folklore chileno  |9 265536 
650 0 |a Brujería   |9 335555 
650 0 |a Vida social y costumbres  |9 258725 
583 |a last modification  |c 20171110 11:27:26  |k Rodrigo Vera 
999 |c 359633  |d 359631 
952 |0 0  |1 0  |2 ddc  |3 erb  |4 0  |6 398_400000000000000_MAR_2014  |7 0  |8 A  |9 469023  |a BIBART  |b BIBART  |i 5163234  |o 398.4 MAR 2014  |p 5163234  |r 2025-03-13  |w 2019-11-23  |y BK  |z Catalogado en:20150626  |k ART